Sa Đéc xưa /
محفوظ في:
| المؤلف الرئيسي: | |
|---|---|
| التنسيق: | Sách giấy |
| اللغة: | Vietnamese |
| منشور في: |
Tp. HCM :
Thanh Niên,
2000
|
| الوسوم: |
إضافة وسم
لا توجد وسوم, كن أول من يضع وسما على هذه التسجيلة!
|
| Thư viện lưu trữ: | Thư viện Trường Đại học Đà Lạt |
|---|
| LEADER | 00631nam a2200277 4500 | ||
|---|---|---|---|
| 001 | DLU030021006 | ||
| 003 | ##DLU | ||
| 005 | ##20021230 | ||
| 008 | ##021230t vn z000 vie d | ||
| 040 | # | # | |a DLU |b vie |
| 041 | # | # | |a vie |
| 044 | # | # | |a vn |
| 082 | # | # | |a 911.597 |b HU-M |
| 100 | # | # | |a Huỳnh Minh |
| 245 | # | # | |a Sa Đéc xưa / |c Huỳnh Minh |
| 260 | # | # | |a Tp. HCM : |b Thanh Niên, |c 2000 |
| 300 | # | # | |a 286 tr. ; |c 19 cm |
| 992 | # | # | |a 28000 |
| 994 | # | # | |a DLU |
| 900 | # | # | |a True |
| 911 | # | # | |a Thái Thị Thanh Thủy |
| 925 | # | # | |a G |
| 926 | # | # | |a A |
| 927 | # | # | |a SH |
| 980 | # | # | |a Thư viện Trường Đại học Đà Lạt |